|
|
|
|
| LEADER |
00758nab a2200193 i 4500 |
| 001 |
misc9580 |
| 005 |
20191106143436.0 |
| 008 |
170607s1916 hu o 0|| hun d |
| 022 |
|
|
|a 0025-0260
|
| 040 |
|
|
|a SZTE Miscellanea Repozitórium
|b hun
|
| 041 |
|
|
|a hun
|
| 100 |
1 |
|
|a Imre Sándor
|
| 245 |
1 |
0 |
|a Richard Seyfert, Von deutschem Wesen nach dem Kriege
|h [elektronikus dokumentum] :
|b [könyvismertetés] /
|c Imre Sándor
|
| 260 |
|
|
|c 1916
|
| 300 |
|
|
|a 202
|
| 490 |
0 |
|
|a Magyar pedagógia : a Magyar Tudományos Akadémia Pedagógiai Bizottságának folyóirata
|v 25
|
| 695 |
|
|
|a Nemzetnevelés Németország könyvismertetés, Német nemzetnevelés
|
| 700 |
0 |
1 |
|a Seyfert Richard
|
| 856 |
4 |
0 |
|u http://misc.bibl.u-szeged.hu/9580/1/mp_1916_2338_202.pdf
|z Dokumentum-elérés
|